| LDR | | 00000nam c2200205 c 4500 |
| 001 | | 000000335649 |
| 005 | | 20250113142236 |
| 007 | | ta |
| 008 | | 241228s2024 ulkad r 001a kor |
| 020 | |
▼a 9791169488402
▼g 93510 :
▼c \28000 |
| 040 | |
▼a 248032
▼c 248032
▼d 248032 |
| 049 | 0 |
▼l EM110020 |
| 056 | |
▼a 512.8073
▼2 4 |
| 090 | |
▼a 512.8073
▼b 김74ㄱ2 |
| 245 | 20 |
▼a (친절한)간호연구 =
▼x Nursing Research /
▼d 김정희,
▼e 박한종,
▼e 이선희,
▼e 이주영 |
| 250 | |
▼a 제2판 |
| 260 | |
▼a 서울 :
▼b 현문사,
▼c 2024 |
| 300 | |
▼a xiv, 303 p. :
▼b 천연색삽화, 표 ;
▼c 26 cm |
| 504 | |
▼a 참고문헌 및 색인(p. 297-303) 수록 |
| 653 | |
▼a 간호학
▼a 연구방법론
▼a 통계분석
▼a 연구설계
▼a 연구자료 |
| 700 | 1 |
▼a 김정희,
▼e 저 |
| 700 | 1 |
▼a 박한종,
▼e 공저 |
| 700 | 1 |
▼a 이선희,
▼e 공저 |
| 700 | 1 |
▼a 이주영,
▼e 공저 |
| 950 | 0 |
▼b \28000 |
| 990 | |
▼a 관리자2
▼b 관리자2 |